LIBRARY & INFORMATION CENTRE, KCAET, TAVANUR

ONLINE PUBLIC ACCESS CATALOGUE (OPAC)

Development and performance evaluation of nutmeg sheller (Record no. 14931)

MARC details
000 -LEADER
fixed length control field 00575nam a22001697a 4500
003 - CONTROL NUMBER IDENTIFIER
control field OSt
088 ## - REPORT NUMBER
Report number P 219
100 ## - MAIN ENTRY--AUTHOR NAME
Personal name ANU N.K
-- LITTLE PRINCE
-- NIMMI P.V
245 ## - TITLE STATEMENT
Title Development and performance evaluation of nutmeg sheller
260 ## - PUBLICATION, DISTRIBUTION, ETC. (IMPRINT)
Place of publication Tavanur 2010
Name of publisher Kelappaji College of Agricultural Engineering and Technology
300 ## - PHYSICAL DESCRIPTION
Number of Pages 50
500 ## - GENERAL NOTE
General note Development and performance evaluation of nutmeg sheller
520 ## - SUMMARY, ETC.
Summary, etc Development and performance evaluation of nutmeg sheller
700 ## - ADDED ENTRY--PERSONAL NAME
Personal name Er. Sindhu Bhaskar (Guide)
942 ## - ADDED ENTRY ELEMENTS (KOHA)
Koha item type Project Report
Holdings
Collection code Home library Current library Shelving location Full call number Accession Number Koha item type
Reference KAUAET KAUAET Reference 631.3 ANU/DE P 219 Project Report
free website counter